00489nam a2200193 a 4500001001300000003000900013005001700022008004100039020001100080082001700091100002000108245003600128260004200164300000800206500003500214505001000249650001600259700002000275nice12345678IN_TiNIC20260116011930.0050524s1962 alia grp 000 0 urd  ac0.7500a891.41bNAS1 aNashwar, Wahidi aIntekhab-E-Kalam Nashwar Wahidi aAligarhbAnjuman Taraqqi-E-Urduc1962 a64p aincludes index and biblioraphy2 aNotes aUrdu-Poetry1 aNashwar, Wahidi